[Event "AUTO-ADV-4673"]
[Site "http://www.queenalice.com/game.php?id=1815393"]
[Date "2023.6.30"]
[Round "2"]
[White "chessman"]
[Black "Nille"]
[Result "0-1"]
[WhiteElo "1966"]
[BlackElo "1705"]

1. e4 e5 2. Nf3 d6 3. d4 exd4 4. Nxd4 h6 5. Be2 Nf6 6. Nc3 a6 7. Be3 c5 8. Nf3
Nc6 9. a4 Be7 10. h3 O-O 11. O-O b6 12. Qd2 Bb7 13. Rfd1 Qc7 14. Qd3 Nb4 15. Qd2
Nxe4 16. Nxe4 Bxe4 17. Bd3 Nxd3 18. cxd3 Bxf3 19. gxf3 Bf6 20. d4 cxd4 21. Bxd4
Bxd4 22. Qxd4 Rfd8 23. Qd5 Qc5 24. Qxc5 dxc5 25. Kf1 Rxd1+ 26. Rxd1 b5 27. axb5
axb5 28. Ke2 Ra2 29. Rb1 c4 30. Ke3 b4 31. Kd4 c3 32. bxc3 bxc3 0-1

[Event "AUTO-ADV-4673"]
[Site "http://www.queenalice.com/game.php?id=1815394"]
[Date "2023.6.30"]
[Round "2"]
[White "Nille"]
[Black "chessman"]
[Result "0-1"]
[WhiteElo "1710"]
[BlackElo "1981"]

1. e4 e6 2. Nf3 d5 3. exd5 exd5 4. d4 c6 5. Be2 Nf6 6. a3 Be7 7. Nc3 O-O 8. O-O
Re8 9. Be3 Ng4 10. h3 Nxe3 11. fxe3 Bf6 12. b4 Nd7 13. Qd3 Nb6 14. e4 dxe4 15.
Nxe4 Nd5 16. c4 Nf4 17. Qc2 Ne6 18. Nxf6+ Qxf6 19. Ne5 Nxd4 20. Rxf6 Nxc2 21.
Rxf7 Nxa1 22. Bh5 Rxe5 23. Rf1 Rxh5 24. Rxa1 Re5 25. a4 Bf5 26. b5 cxb5 27. axb5
Re2 28. Kf1 Bd3 29. Rc1 Rc2+ 0-1

[Event "AUTO-ADV-4673"]
[Site "http://www.queenalice.com/game.php?id=1815397"]
[Date "2023.6.30"]
[Round "2"]
[White "Nille"]
[Black "IranSilva"]
[Result "0-1"]
[WhiteElo "1776"]
[BlackElo "2175"]

1. e4 e6 2. Nf3 d5 3. exd5 exd5 4. d4 Bd6 5. h3 Ne7 6. Nc3 O-O 7. Be2 f6 8. O-O
a6 9. a3 Bf5 10. Be3 Bg6 11. b4 c6 12. Bd3 Nf5 13. Bxf5 Bxf5 14. Re1 Bg6 15. Qd2
Nd7 16. Nh2 Qc7 17. g3 Nb6 18. Ne2 Nc4 19. Qc1 Nxe3 20. Qxe3 Rae8 21. Qd2 Re7
22. c3 Rfe8 23. Ra2 Bh5 24. Qd1 Bxe2 25. Raxe2 Rxe2 26. Rxe2 Qd7 27. Rxe8+ Qxe8
28. Nf3 Qe4 29. Nd2 Qd3 30. Qe2 Qxe2 31. Nf3 Qxf3 0-1

[Event "AUTO-ADV-4673"]
[Site "http://www.queenalice.com/game.php?id=1815398"]
[Date "2023.6.30"]
[Round "2"]
[White "IranSilva"]
[Black "Nille"]
[Result "1-0"]
[WhiteElo "2207"]
[BlackElo "1760"]

1. e4 e5 2. Nf3 d6 3. Bc4 h6 4. d3 Nf6 5. a3 Nc6 6. b4 a6 7. Bb2 Be7 8. Nbd2 O-O
9. O-O Be6 10. Re1 b5 11. Bb3 d5 12. exd5 Bxd5 13. Nxe5 Nxe5 14. Bxe5 c6 15. c4
bxc4 16. dxc4 Be6 17. Ne4 Nxe4 18. Rxe4 Qxd1+ 19. Rxd1 a5 20. Bd6 Rfe8 21. Bxe7
Rxe7 22. Red4 Ree8 23. Bc2 axb4 24. axb4 Rab8 25. Rb1 c5 26. bxc5 Rxb1+ 27. Bxb1
Bxc4 28. Be4 Bb5 29. f3 g6 30. Kf2 f5 31. Bd3 Bxd3 32. Rxd3 Rc8 33. Rc3 Kf7 34.
Ke3 g5 35. Kd4 f4 36. c6 Ke6 37. c7 Kd6 38. Ke4 Ke6 39. Rc6+ Kd7 40. Rxh6 Kxc7
41. Kf5 Rg8 42. Rg6 Rxg6 43. Kxg6 Kd6 44. Kxg5 Ke5 45. h4 1-0

[Event "AUTO-ADV-4726"]
[Site "http://www.queenalice.com/game.php?id=1819465"]
[Date "2023.8.24"]
[Round "1"]
[White "maurice916"]
[Black "Nille"]
[Result "1-0"]
[WhiteElo "1863"]
[BlackElo "1746"]

1. Nf3 d5 2. e3 f6 3. c4 dxc4 4. Bxc4 a6 5. O-O e6 6. Nc3 Bd6 7. b3 Ne7 8. Bb2
Nbc6 9. d4 b5 10. Be2 O-O 11. e4 Bb7 12. a3 Na7 13. Re1 c6 14. b4 Ng6 15. Qc2
Nf4 16. Bf1 e5 17. d5 cxd5 18. exd5 Nxd5 19. Ne4 Rc8 20. Qd2 Be7 21. Rac1 Qb6
22. Qe2 Nf4 23. Qd2 Rfd8 24. Qe3 Qxe3 25. Rxe3 Rxc1 26. Bxc1 Bxe4 27. Rxe4 Ne6
28. Be3 Nc8 29. Be2 Nd6 30. Rg4 Nf5 31. Bb6 Kf8 32. Bxd8 Nxd8 33. Nh4 Nd4 34.
Bd3 g5 35. Nf5 Nxf5 36. Bxf5 h5 37. Re4 h4 38. Bc8 a5 39. bxa5 Bxa3 40. a6 Bc5
41. Re2 Ke7 42. Rd2 Nc6 43. Rc2 Bxf2+ 44. Kxf2 Kd6 45. Rxc6+ Kxc6 46. a7 1-0

[Event "AUTO-ADV-4726"]
[Site "http://www.queenalice.com/game.php?id=1819466"]
[Date "2023.8.24"]
[Round "1"]
[White "Nille"]
[Black "maurice916"]
[Result "0-1"]
[WhiteElo "1776"]
[BlackElo "1779"]

1. e4 c6 2. Nf3 d5 3. e5 Bf5 4. d4 e6 5. a3 c5 6. dxc5 Bxc5 7. Be2 Nc6 8. Bg5
Nge7 9. Bxe7 Qxe7 10. O-O O-O 11. b4 Bb6 12. c4 dxc4 13. Bxc4 Rad8 14. Qe2 Nd4
15. Nxd4 Bxd4 16. Ra2 a6 17. h3 b5 18. Bb3 Qc7 19. Re1 Bxb1 20. Rxb1 Bxe5 21. g3
Bf6 22. Bxe6 fxe6 23. Qxe6+ Kh8 24. Qxa6 Qc4 25. Re2 Qxe2 26. a4 Rd1+ 27. Rxd1
Qxd1+ 28. Kg2 Qxa4 29. Qd6 Qa8+ 30. Kf1 Qh1+ 31. Ke2 Re8+ 0-1

[Event "AUTO-ADV-4726"]
[Site "http://www.queenalice.com/game.php?id=1819479"]
[Date "2023.8.24"]
[Round "1"]
[White "Givanildo"]
[Black "Nille"]
[Result "1-0"]
[WhiteElo "1569"]
[BlackElo "1696"]

1. d4 d5 2. Bf4 Nc6 3. e3 a6 4. Bd3 h6 5. Bg3 e6 6. Ne2 Nf6 7. h3 Bb4+ 8. c3 Ba5
9. b4 Bb6 10. a3 O-O 11. O-O Bd7 12. a4 e5 13. dxe5 Ne4 14. Bf4 Bf5 15. Qc2 Re8
16. Nd4 Nxd4 17. cxd4 Re6 18. a5 Ba7 19. f3 Rc6 20. Qe2 Qd7 21. b5 Re6 22. bxa6
c5 23. Bb5 Qe7 24. axb7 Rb8 25. a6 cxd4 26. fxe4 Bxe4 27. exd4 Bxd4+ 28. Kh1
Bxa1 29. Nd2 Bxe5 30. Nxe4 dxe4 31. Bxe5 Rxe5 32. Bc4 Qb4 33. Bxf7+ Kh8 34. Bg6
e3 35. Rc1 Qf8 36. Qb2 Re6 37. a7 Rxb7 38. Qxb7 e2 39. Qb1 Rxg6 40. Qxg6 Qf1+
41. Rxf1 exf1=Q+ 42. Kh2 Qf4+ 43. Qg3 Qa4 44. Qb8+ Kh7 45. a8=Q 1-0

[Event "AUTO-ADV-4726"]
[Site "http://www.queenalice.com/game.php?id=1819480"]
[Date "2023.8.24"]
[Round "1"]
[White "Nille"]
[Black "Givanildo"]
[Result "0-1"]
[WhiteElo "1719"]
[BlackElo "1550"]

1. d4 d5 2. e3 a6 3. Nc3 Bf5 4. h3 e6 5. Nf3 h6 6. Bd3 Bxd3 7. Qxd3 Bb4 8. Bd2
Nd7 9. a3 Bd6 10. O-O c6 11. b4 Ne7 12. e4 dxe4 13. Nxe4 Bc7 14. c4 Qb8 15. c5
Nd5 16. a4 Nf4 17. Bxf4 Bxf4 18. Rfe1 O-O 19. b5 cxb5 20. axb5 a5 21. c6 bxc6
22. bxc6 Nb6 23. Nc3 Qd6 24. Re4 Nd5 25. Nxd5 exd5 26. Rxf4 Qxf4 27. Ne5 a4 28.
Nd7 Rfc8 29. Nb6 Rxc6 30. Nxd5 Rc1+ 31. Rxc1 Qxc1+ 32. Qf1 Qxf1+ 33. Kxf1 a3 34.
Nc3 Rc8 35. Nb5 a2 0-1

[Event "AUTO-ADV-4726"]
[Site "http://www.queenalice.com/game.php?id=1819487"]
[Date "2023.8.24"]
[Round "1"]
[White "chessman"]
[Black "Nille"]
[Result "1-0"]
[WhiteElo "1830"]
[BlackElo "1805"]

1. e4 e5 2. Nf3 d6 3. d4 exd4 4. Nxd4 h6 5. Be2 Nf6 6. Nc3 Be7 7. O-O a6 8. h3
c5 9. Nf3 Nc6 10. Be3 b5 11. Nd2 Bb7 12. f3 O-O 13. a3 d5 14. exd5 Ne5 15. Nde4
c4 16. f4 Ng6 17. d6 Bxe4 18. dxe7 Qxe7 19. Bf3 Bxf3 20. Qxf3 Rad8 21. Rad1 Rfe8
22. Bf2 Rxd1 23. Rxd1 Qc7 24. Nd5 Nxd5 25. Rxd5 Qxf4 26. Qxf4 Nxf4 27. Rd2 g5
28. Bg3 Re4 29. Kf2 Ne6 30. Rd6 Nd4 31. Rxa6 Re2+ 32. Kf1 Rxc2 33. Be5 Nf5 34.
g4 Ne3+ 35. Kg1 Kh7 36. Rf6 Rc1+ 37. Kf2 Nd5 38. Rxf7+ Kg6 39. Rg7# 1-0

[Event "AUTO-ADV-4726"]
[Site "http://www.queenalice.com/game.php?id=1819488"]
[Date "2023.8.24"]
[Round "1"]
[White "Nille"]
[Black "chessman"]
[Result "1-0"]
[WhiteElo "1787"]
[BlackElo "1838"]

1. e4 e6 2. Nf3 d5 3. exd5 exd5 4. d4 Nf6 5. Be2 c6 6. O-O Be7 7. h3 O-O 8. c4
Re8 9. c5 Nbd7 10. Nc3 Nf8 11. Be3 Ng6 12. Bd3 Be6 13. Bxg6 hxg6 14. a3 a6 15.
b4 Ne4 16. Nxe4 dxe4 17. Nd2 f5 18. f3 Bd5 19. fxe4 fxe4 20. Qg4 Kh7 21. Rf7 Bf6
22. Rxb7 Qc8 23. Qxc8 Rexc8 24. Rf1 Rf8 25. Rf4 Bxd4 26. Rh4+ 1-0

[Event "AUTO-ADV-4728"]
[Site "http://www.queenalice.com/game.php?id=1819977"]
[Date "2023.8.31"]
[Round "1"]
[White "Nille"]
[Black "WHUSIRO"]
[Result "1-0"]
[WhiteElo "1758"]
[BlackElo "1700"]

1. e4 c5 2. Nf3 d6 3. h3 Nf6 4. Bc4 e6 5. d3 Be7 6. O-O a6 7. a3 b5 8. Ba2 Nc6
9. c3 Bb7 10. Be3 O-O 11. b4 cxb4 12. axb4 h6 13. Nbd2 e5 14. c4 Na7 15. c5 Nc6
16. d4 Nxb4 17. cxd6 Bxd6 18. dxe5 Nxe4 19. Nxe4 Bxe4 20. exd6 Bxf3 21. Qxf3
Qxd6 22. Bxf7+ Kh8 23. Rad1 Qe7 24. Rd4 Nc2 25. Rf4 a5 26. Bg6 a4 27. Bc1 b4 28.
Bxc2 1-0

[Event "AUTO-ADV-4728"]
[Site "http://www.queenalice.com/game.php?id=1819978"]
[Date "2023.8.31"]
[Round "1"]
[White "WHUSIRO"]
[Black "Nille"]
[Result "1-0"]
[WhiteElo "1701"]
[BlackElo "1736"]

1. e4 e5 2. Nf3 d6 3. h3 h6 4. Bc4 Nf6 5. d3 a6 6. c3 Nc6 7. b4 Na7 8. a4 Bd7 9.
Be3 Be7 10. Qb3 c6 11. Bxf7+ Kf8 12. Bg6 Be8 13. Bxe8 Qxe8 14. Nbd2 Qf7 15. Qc2
b5 16. a5 c5 17. O-O cxb4 18. cxb4 g5 19. Rac1 Kg7 20. Qb2 Rhf8 21. Nh2 Rac8 22.
Bxa7 Nh5 23. g3 Bf6 24. Be3 Qd7 25. Ng4 Rxc1 26. Rxc1 Re8 27. Qc3 Be7 28. Qc7
Qe6 29. Qc6 Bf8 30. Qb7+ Re7 31. Qxa6 Qd7 32. Rc6 Re6 33. Qxb5 Qf7 34. Qd5 Nf6
35. Nxf6 Qxf6 36. a6 Re8 37. b5 Re6 38. b6 Qd8 39. b7 Re8 40. a7 1-0

[Event "AUTO-ADV-4728"]
[Site "http://www.queenalice.com/game.php?id=1819979"]
[Date "2023.8.31"]
[Round "1"]
[White "Nille"]
[Black "chessman"]
[Result "0-1"]
[WhiteElo "1790"]
[BlackElo "1845"]

1. e4 e6 2. Nf3 d5 3. exd5 exd5 4. d4 c6 5. h3 Nf6 6. a3 Be7 7. Nc3 O-O 8. Be3
Bd6 9. Be2 Re8 10. O-O Nbd7 11. b4 Nf8 12. Nh2 Ng6 13. Ng4 Ne4 14. Nxe4 Rxe4 15.
f3 Re8 16. Bf2 f5 17. Ne3 Nf4 18. Re1 Qg5 19. Qd2 Nxh3+ 20. Kf1 Nxf2 21. c4 Bf4
22. Bd1 Nxd1 23. Raxd1 Rxe3 24. Rxe3 Bxe3 25. Qe2 f4 26. cxd5 cxd5 27. Qb5 Qh5
28. Ke2 Bg4 29. Qxb7 Rc8 30. Kd3 Bf5+ 31. Ke2 Rc2+ 32. Rd2 Rxd2+ 0-1

[Event "AUTO-ADV-4728"]
[Site "http://www.queenalice.com/game.php?id=1819980"]
[Date "2023.8.31"]
[Round "1"]
[White "chessman"]
[Black "Nille"]
[Result "1-0"]
[WhiteElo "1894"]
[BlackElo "1756"]

1. e4 e5 2. Nf3 d6 3. d4 exd4 4. Nxd4 h6 5. Nc3 Nf6 6. Be2 Be7 7. O-O c5 8. Bb5+
Bd7 9. Bxd7+ Nbxd7 10. Nf5 O-O 11. Nxd6 Bxd6 12. Qxd6 b6 13. Rd1 Re8 14. f3 Re6
15. Qg3 Qe7 16. Nd5 Nxd5 17. exd5 Rg6 18. Qf2 Qf6 19. c4 Ne5 20. f4 Nxc4 21. Qf3
Rd8 22. Rb1 Qf5 23. Be3 Nxe3 24. Qxe3 Rxd5 25. Rbc1 Rgd6 26. Rxd5 Rxd5 27. Re1
Qd7 28. h3 g6 29. a3 Rd2 30. b4 Qd4 31. bxc5 Qxe3+ 32. Rxe3 bxc5 33. Rc3 Rd4 34.
g3 c4 35. Kf2 a5 36. Ke3 Rd1 37. Rxc4 Kg7 38. Rc3 Rh1 39. h4 Rh3 40. Kf3 Rh2 41.
Rc5 Ra2 42. Rxa5 g5 43. hxg5 hxg5 44. Rxg5+ Kf6 45. Ra5 Kg6 46. Ra8 Kg7 47. a4
f6 48. a5 f5 49. a6 Ra3+ 50. Kg2 Ra5 51. Kh3 Kg6 52. a7 Kg7 53. g4 fxg4+ 54.
Kxg4 Kg6 55. Rg8+ Kh7 56. a8=Q 1-0

[Event "AUTO-ADV-4728"]
[Site "http://www.queenalice.com/game.php?id=1819981"]
[Date "2023.8.31"]
[Round "1"]
[White "Nille"]
[Black "Numberzero"]
[Result "1-0"]
[WhiteElo "1651"]
[BlackElo "1916"]

1. e4 e5 2. Nf3 Nc6 3. Bc4 Be7 4. d4 exd4 5. Nxd4 Nf6 6. Nxc6 dxc6 7. Qxd8+ Bxd8
8. Nc3 O-O 9. Bg5 h6 10. Bh4 Re8 11. f3 Be6 12. Bd3 Nxe4 13. Bxd8 Raxd8 14. fxe4
Bf5 15. O-O Bg6 16. h3 b5 17. a3 a5 18. b4 axb4 19. axb4 Rd4 20. Ra7 Rxb4 21.
Rxc7 Bxe4 22. Bxe4 Rc4 23. Rxc6 Rxc6 24. Bxc6 Rc8 25. Bd5 Rxc3 26. Bb3 Rc7 27.
Rf5 b4 28. Rb5 Kf8 29. Rxb4 f6 30. Rb8+ Ke7 31. Rg8 Kd6 32. Rd8+ Ke7 33. Rg8 Kd6
34. Kf2 Ke5 35. c4 Kd4 36. Kf3 Kc5 37. Ke4 Re7+ 38. Kf5 Rb7 39. Rc8+ Kb4 40. Bd1
Rd7 41. Bf3 Ra7 42. Kg6 Kc3 43. Bd5 Rd7 44. Rg8 Kd4 45. Rxg7 1-0

[Event "AUTO-ADV-4728"]
[Site "http://www.queenalice.com/game.php?id=1819982"]
[Date "2023.8.31"]
[Round "1"]
[White "Numberzero"]
[Black "Nille"]
[Result "1-0"]
[WhiteElo "1910"]
[BlackElo "1657"]

1. e4 e5 2. Nf3 d6 3. d4 exd4 4. Nxd4 h6 5. Nc3 c5 6. Nf3 Nf6 7. Be2 Be7 8. O-O
Nc6 9. Re1 a6 10. a4 O-O 11. h3 Bd7 12. Bf4 Na7 13. Bxd6 Bxd6 14. Qxd6 b6 15.
Bxa6 Bc6 16. Qxd8 Rfxd8 17. Rad1 Rxd1 18. Rxd1 Nxe4 19. Nxe4 Bxe4 20. Bd3 Bxf3
21. gxf3 Nc6 22. Be4 Rc8 23. Rd6 Nd4 24. Rxb6 Ne2+ 25. Kf1 Nf4 26. a5 Nxh3 27.
Bf5 Ra8 28. Bxh3 Rxa5 29. b4 cxb4 30. Rxb4 Ra2 31. Kg2 Rxc2 32. Rb8+ Kh7 33.
Bf5+ g6 34. Bxc2 f5 35. Rb7+ Kh8 36. Kg3 1-0

[Event "Challenge"]
[Site "http://www.queenalice.com/game.php?id=1821196"]
[Date "2023.9.19"]
[Round "-"]
[White "donniedarko"]
[Black "Nille"]
[Result "1-0"]
[WhiteElo "2126"]
[BlackElo "1675"]

1. e4 e5 2. Nf3 d6 3. d4 exd4 4. Qxd4 Nc6 5. Bb5 Bd7 6. Bxc6 Bxc6 7. Nc3 h6 8.
Bf4 Nf6 9. O-O-O Be7 10. h3 Nh7 11. Nd5 Nf6 12. Rde1 O-O 13. g4 Bxd5 14. exd5
Nh7 15. h4 Bf6 16. Qd3 Bxb2+ 17. Kxb2 Qf6+ 18. Qd4 Rfe8 19. Qxf6 Nxf6 20. c4
Nxg4 21. Bg3 f5 22. Rxe8+ Rxe8 23. Re1 Re4 24. Rxe4 fxe4 25. Nd4 Kf7 26. Ne6 e3
27. fxe3 Nxe3 28. Kb3 Nf5 29. Bf2 c6 30. dxc6 bxc6 31. Nd8+ Kg6 32. Nxc6 a6 33.
Nb8 a5 34. Nc6 Kh5 35. Nxa5 Ne7 36. Nb7 d5 37. c5 Nc6 38. a4 d4 39. a5 g5 40.
hxg5 Kxg5 41. a6 Kf4 42. Kc4 Ke4 43. Nd6+ Kf3 44. Bxd4 Na7 45. Be5 h5 46. Nb5
Nc6 47. Bc7 h4 48. a7 Nxa7 49. Nxa7 Ke4 50. c6 Kf5 51. Bh2 1-0

[Event "Challenge"]
[Site "http://www.queenalice.com/game.php?id=1821197"]
[Date "2023.9.19"]
[Round "-"]
[White "Nille"]
[Black "donniedarko"]
[Result "0-1"]
[WhiteElo "1675"]
[BlackElo "2075"]

1. e4 e6 2. Nf3 d5 3. exd5 exd5 4. d4 Bd6 5. Be2 Ne7 6. Nc3 Bg4 7. h3 Bh5 8. O-O
Nbc6 9. Be3 f6 10. a3 Qd7 11. b4 O-O-O 12. Qc1 g5 13. Nh2 Bxe2 14. Nxe2 h5 15.
Nf3 g4 16. hxg4 hxg4 17. Nh2 Bxh2+ 18. Kh1 Nf5 19. g3 Qh7 20. Kg2 Qh3+ 0-1

[Event "AUTO-ADV-4739"]
[Site "http://www.queenalice.com/game.php?id=1823249"]
[Date "2023.10.17"]
[Round "1"]
[White "Olipika"]
[Black "Nille"]
[Result "1-0"]
[WhiteElo "1774"]
[BlackElo "1712"]

1. Nf3 d5 2. g3 Nc6 3. Bg2 Nf6 4. b3 e6 5. Bb2 Be7 6. O-O a6 7. d4 O-O 8. e3 b5
9. Nbd2 h6 10. Rc1 Bb7 11. c4 bxc4 12. bxc4 dxc4 13. Nxc4 Nd5 14. Nfe5 Bf6 15.
Qb3 Rb8 16. Qa4 Bxe5 17. Nxe5 Nxe5 18. dxe5 Nb6 19. Qg4 Bxg2 20. Kxg2 Qd2 21.
Bd4 Nd5 22. Kh1 Rb7 23. Qd1 Qxa2 24. f4 Rb3 25. Rf3 Qa3 26. Qe1 Rfb8 27. Ra1 Qb4
28. Qxb4 Nxb4 29. f5 exf5 30. Rxf5 Nd5 31. Rf3 Nb4 32. Rc1 Nd5 33. Rc6 a5 34. e6
fxe6 35. Rxe6 a4 36. Kg2 R8b5 37. Re8+ 1-0

[Event "AUTO-ADV-4739"]
[Site "http://www.queenalice.com/game.php?id=1823250"]
[Date "2023.10.17"]
[Round "1"]
[White "Nille"]
[Black "Olipika"]
[Result "1-0"]
[WhiteElo "1690"]
[BlackElo "1803"]

1. e4 c5 2. Nf3 Nc6 3. Bc4 g6 4. d3 Bg7 5. O-O b6 6. Nc3 Bb7 7. Bd2 Nf6 8. h3
O-O 9. a3 e6 10. Na2 d5 11. exd5 exd5 12. Bb3 b5 13. c4 bxc4 14. dxc4 d4 15. Re1
Re8 16. Rxe8+ Qxe8 17. Qc2 Ne4 18. Re1 Nd8 19. Ng5 Qc6 20. Nxe4 f5 21. Ba4 fxe4
22. Bxc6 Nxc6 23. Qxe4 Rb8 24. b4 cxb4 25. axb4 Nxb4 26. Nxb4 Bxe4 27. Rxe4 a5
28. Nc6 Rb6 29. Nxd4 Rd6 30. Bc3 a4 31. Nb5 Bh6 32. Nxd6 1-0

[Event "AUTO-ADV-4739"]
[Site "http://www.queenalice.com/game.php?id=1823261"]
[Date "2023.10.17"]
[Round "1"]
[White "maurice916"]
[Black "Nille"]
[Result "1-0"]
[WhiteElo "1926"]
[BlackElo "1678"]

1. Nf3 d5 2. e3 Nc6 3. c4 dxc4 4. Bxc4 e6 5. O-O Nf6 6. Nc3 a6 7. d4 Bb4 8. Qc2
h6 9. a3 Bxc3 10. bxc3 O-O 11. a4 Na7 12. Ba2 b6 13. Bb1 Bb7 14. Ne5 Qd5 15. f3
c5 16. c4 Qd6 17. Ng4 Nxg4 18. Qh7# 1-0

[Event "AUTO-ADV-4739"]
[Site "http://www.queenalice.com/game.php?id=1823262"]
[Date "2023.10.17"]
[Round "1"]
[White "Nille"]
[Black "maurice916"]
[Result "0-1"]
[WhiteElo "1698"]
[BlackElo "1915"]

1. e4 c6 2. d4 d5 3. e5 Bf5 4. Nc3 e6 5. Nf3 c5 6. dxc5 Bxc5 7. h3 h6 8. Bb5+
Nd7 9. O-O a6 10. Ba4 b5 11. Bb3 Ne7 12. Be3 O-O 13. a3 Bxe3 14. fxe3 Qc7 15.
Ne2 Nc6 16. Nfd4 Ncxe5 17. Nxf5 exf5 18. Bxd5 Rad8 19. Qc1 g6 20. Nf4 Nf6 21.
Ba2 Kg7 22. b4 Nc4 23. Nd3 Ne4 24. Bxc4 bxc4 25. Nb2 Rd2 26. Rf4 Rfd8 27. Qf1 f6
28. Nxc4 Rxc2 29. Na5 Qc3 30. Rf3 Ng5 31. Rg3 Rc8 32. h4 Ne4 33. Rh3 h5 34. Qxa6
Rc1+ 35. Rxc1 Qxc1+ 36. Qf1 Qxa3 37. Qb5 Rc1+ 38. Kh2 Rc3 39. Nc4 Qc1 40. Qd7+
Kh6 41. Nd6 Nxd6 42. Qxd6 Qa1 43. Qf8+ Kh7 44. Qxf6 Qa3 45. Qe7+ Kh6 46. Qg5+
Kg7 47. Rf3 Qxb4 48. Rxf5 Qd6+ 49. Re5 Rc4 50. Qe7+ Qxe7 51. Rxe7+ Kf6 52. Rd7
Re4 53. Rd3 Rxh4+ 54. Kg1 Re4 55. Kf2 Re6 56. Kf3 g5 57. Rd5 Ra6 58. Rd3 Ra5 59.
e4 Ke5 60. g3 g4+ 61. Ke3 Rc5 62. Rd5+ Rxd5 63. exd5 Kxd5 64. Kf4 Kd4 65. Kg5
Ke4 66. Kxh5 Kf5 0-1

[Event "AUTO-ADV-4739"]
[Site "http://www.queenalice.com/game.php?id=1823267"]
[Date "2023.10.17"]
[Round "1"]
[White "SGF"]
[Black "Nille"]
[Result "1/2-1/2"]
[WhiteElo "1728"]
[BlackElo "1711"]

1. e4 e5 2. Qf3 d6 3. d3 h6 4. Be2 Nf6 5. Qg3 Nc6 6. c3 Be6 7. h3 Qd7 8. b4 a6
9. a4 Na7 10. b5 axb5 11. Bd1 c6 12. axb5 cxb5 13. Be3 d5 14. Qxe5 dxe4 15. d4
Qd5 16. g4 Bd6 17. Qxd5 Nxd5 18. Bb3 f6 19. Bxd5 Bxd5 20. Nd2 O-O 21. Ne2 Nc6
22. O-O Na5 23. Bf4 Be7 24. f3 exf3 25. Nxf3 Bxf3 26. Rxf3 b6 27. Bc7 Nc4 28.
Rxa8 Rxa8 29. Nf4 Ra3 30. Nd5 Bf8 31. Bxb6 Nxb6 32. Nxb6 b4 33. Nc4 Rxc3 34.
Rxc3 bxc3 35. Ne3 Ba3 36. Kf2 Bc1 37. Nc2 Kh7 38. Ke2 Kg6 39. d5 Bb2 40. d6 Kf7
41. Kd3 Ke8 42. Nd4 Kd7 43. Nb5 g6 44. Nxc3 Bxc3 45. Kxc3 Kxd6 46. Kd3 Ke5 47.
Ke3 f5 48. Kf3 fxg4+ 49. Kxg4 Ke4 50. h4 Ke5 51. h5 g5 52. Kf3 Kf5 53. Kg3 g4
54. Kh4 g3 55. Kxg3 Kg5 56. Kh3 Kxh5 57. Kg3 Kg5 58. Kh3 h5 59. Kg3 h4+ 60. Kh3
Kf4 61. Kxh4 Kf3 1/2-1/2

[Event "AUTO-ADV-4739"]
[Site "http://www.queenalice.com/game.php?id=1823268"]
[Date "2023.10.17"]
[Round "1"]
[White "Nille"]
[Black "SGF"]
[Result "1-0"]
[WhiteElo "1672"]
[BlackElo "1731"]

1. e4 e5 2. Nf3 Qf6 3. d3 h6 4. Nc3 c6 5. Be2 d6 6. h3 Be7 7. a3 b5 8. Na2 Qg6
9. g4 h5 10. g5 h4 11. Be3 a5 12. b4 axb4 13. axb4 Be6 14. c3 f6 15. c4 bxc4 16.
dxc4 Qxe4 17. Bd3 Qxf3 18. Qxf3 fxg5 19. b5 Ra3 20. Bc1 Rb3 21. Bg6+ Bf7 22.
Bxf7+ Kf8 23. Qxb3 Kxf7 24. Nc3 Nf6 25. Ra8 Nh5 26. c5+ d5 27. bxc6 Bxc5 28.
Qxd5+ Kg6 29. c7 Nf4 30. Bxf4 exf4 31. cxb8=Q Rxb8 32. Rxb8 Ba7 33. Rh8 Bb6 34.
Rg1 Kf6 35. Qxg5+ Kf7 36. Qxf4+ Ke7 37. Rxg7+ Ke6 38. Rg6+ Kd7 39. Qf7# 1-0